00682nam a22002057a 45000010005000000030006000050050017000110080041000280200015000690400029000840500015001130820008001281000020001362450035001562600053001913000050002445200129002946500022004237000031004458814FISKH20251021160953.0251021b cb ||||| |||| 00| 0 eng d a043512160X aFISKHbengcFISKHdFISKH aPZ7.S726 A a823 aSouthall, Ivan  aAsh road / cBy Ivan Southall  aLondon : bHeinemann Educational Books , c1965. a171 pages : bcolor illustrations ;c19 cm .  aA raging fire spreading in the Australian bush cuts off the escape of the children and two old men entrusted to their care.  aBushfirevFiction aSeale, Clem eIllustrator